| 000 | 02948nab a2200289 i 4500 | ||
|---|---|---|---|
| 003 | BR-BrBNA | ||
| 005 | 20241101172148.0 | ||
| 008 | 241101b2008 bl.qr|pooa||| 00| 0 por | | ||
| 040 |
_aBR-BrBNA _bpor |
||
| 072 | _aF70 | ||
| 100 | _aMartins-da-Silva, Regina C. V. | ||
| 100 | _aPereira, Jorge Fontella | ||
| 100 | _aLima, Haroldo Cavalcante de | ||
| 245 | _aO gênero Copaifera (Leguminosae – Caesalpinioideae) na Amazônia brasileira | ||
| 500 | _aPublicação on-line; 39 ref.; 1 table; 4 illus.; Summaries (En, Pt) | ||
| 520 | _a RESUMO (O gênero Copaifera (Leguminosae – Caesalpinioideae) na Amazônia brasileira) O gênero Copaifera está presente na África (4 spp.), América Central (4 spp.), América do Sul (cerca de 37 spp.) e, provavelmente, na Ásia (1 sp.). Foram reconhecidas nove espécies de Copaifera na Amazônia brasileira: Copaifera duckei, C. glycycarpa, C. guyanensis, C. martii, C. multijuga, C. paupera, C. piresii, C. pubiflora e C. reticulata, representadas tanto por arbustos ou árvores que chegam a atingir até 40 metros de altura, fornecendo tanto madeira como o óleo-resina, extraído de seu tronco, utilizada na preparação de medicamentos, cosméticos, tintas e revelação de fotografias. O presente trabalho apresenta uma chave para identificação das espécies que ocorrem na Amazônia brasileira, incluindo ilustrações, descrições e comentários sobre morfologia e taxonomia. Palavras-chave: Copaíba, medicinal, óleo-resina, taxonomia, Cesalpiniaceae. | ||
| 520 | _a ABSTRACT (The genus Copaifera (Leguminosae – Caesalpinioideae) in Brazilian Amazonian) Copaifera occurs in Africa (4 spp.), Central America (4 spp.), South America (about 37 spp.) and probably in Asia (1 sp.). Nine species were recognized within the Brazilian Amazon: Copaifera duckei, C. glycycarpa, C. guyanensis, C. martii, C. multijuga, C. paupera, C. piresii, C. pubiflora e C. reticulata. Their habit varies between shrubby and tree-like, with some species forming 40 m tall trees. Copaifera is economically important as a timber source, and increasingly as the source of an oleoresin used as a component of medicines, cosmetics, ink and film-development. The present treatment includes an identification key for the species, illustrations, descriptions and comments regarding the morphology, taxonomy and distribution of the species treated. Key words: Copaíba, medicinal, oleoresin, taxonomy, Caesalpiniaceae | ||
| 650 | _aCOPAÍBA | ||
| 650 | _aPLANTA MEDICINAL | ||
| 650 | _aÓLEO | ||
| 650 | _aRESINA | ||
| 650 | _aTAXONOMIA | ||
| 773 | 0 |
_0709 _9345890 _dRio de Janeiro-RJ Jardim Botanico do Rio de Janeiro 1935 _o2024-6540 _tRodriguésia (Brazil) _x0370-6583; 2175-7860 on-line _gv. 59(3) p. 455-476; (2008) _wBR2024003263 |
|
| 856 | _uhttps://www.scielo.br/j/rod/a/bP8GcfHcLPhTNmyTRZDVpqv/?format=pdf&lang=pt | ||
| 942 | _cANA | ||
| 999 |
_c328384 _d328384 |
||